000 00731nam a22002297a 4500
003 0
005 20250923130514.0
008 250923b xxu||||| |||| 00| 0 eng d
020 _a978-1-5297-5405-6
050 _aHF 5415.33
_b.S48 2023
100 _aSethna, Zubin,
_eauthor.
245 _aConsumer behaviour /
_cZubin Sethna.
250 _aFifth edition.
260 _aLondon :
_bSage Publications Ltd,
_c2023.
300 _axxiii, 584 pages :
_bcolored illustrations ;
_c25 cm.
504 _aIncludes bibliographical references and index.
650 _aConsumer behavior.
650 _aMarketing
_xPsychological aspects.
650 _aConsumers
_xAttitudes.
650 _aMotivation research (Marketing).
942 _2lcc
_cBK
999 _c368075
_d368075